00712nam a22001817a 4500010001500000020002700015035001400042037000900056082001400065245009100079260006700170270008500237300002100322490000600343942002800349999001900377952013400396 aENG-144812 a9789384566234c1500.00 aEN-128344 bDBAD a320.95954 aMuslim Politics In Bengal Legislative Perspective/cEdited by Snehangshu Bhattacharjee aKolkatabInstitute of Social and Cultural Studiesc23 Jan 2019 a48/2, Dr. Suresh Sarkar Road,bKolkata,e700014k033-65339003miscskol@gmail.com a684p.c24cm.(HB) v1 2ddccENh320.95954mBha c211180d211180 001040708NFICaAVbAVd2025-05-07eDBADg1500.00l0o320.95954 BhapEN-128344r2025-05-07 00:00:00t1v1500.00w2025-05-07yEN